[Event "Remote S7E-146 email"]
[Site "Remote email"]
[Date "2012.11.01"]
[Round "?"]
[White "Witt, Monika"]
[Black "Matzen, Jan"]
[Result "0-1"]
[WhiteElo "1421"]
[BlackElo "1800"]
[PlyCount "46"]
[EventDate "2012.??.??"]
[EventType "tourn (corr)"]
[EventRounds "6"]
[EventCountry "GER"]
[SourceTitle "Corr 2015"]
[Source "ChessBase"]
[SourceDate "2015.07.17"]
[SourceVersion "1"]
[SourceVersionDate "2015.07.17"]
[SourceQuality "1"]

1. e4 e5 2. Nf3 Nc6 3. a3 Nf6 4. Nc3 Nd4 5. Nxd4 exd4 6. Nb5 Bc5 7. b4 Bb6 8. d3 0-0 9. Bg5 Re8 10. Bxf6 Qxf6 11. Qe2 Re5 12. Qf3 Qc6 13. a4 a6 14. Na3 Qc3+ 15. Ke2 Qxa1 16. Nc4 Re6 17. Nxb6 Rxb6 18. a5 Rxb4 19. e5 Rb2 20. Kd2 Qxa5+ 21. Kc1 Qc3 22. Qe2 Ra2 23. e6 Ra1# 0-1